• 首页
  • 本馆介绍
  • 公告通知
  • 最新文献
  • 馆藏检索
  • 电子资源
  • 读者导购
  • 参考咨询
  • 我的图书馆
  • 登录
  • 详细信息显示
  • 放入我的书架
  • 预约/预借图书
  • 作者相关作品
  • 分类相关作品
  • 丛书相关作品
  • 出版社相关作品

书目信息

  • 表格格式
  • 工作单格式
  • 卡片格式
题名:
招魂
    
 
作者: 余以键 著
分册:  
出版信息: 北京   中国电影出版社  2004
页数: 346页
开本: 20cm
丛书名: 773恐怖系列丛书
单 册:
中图分类: I247.56 , I247.5
科图分类:
主题词: 恐怖小说--中国--现代 , 长篇小说--中国--现代 , 恐怖小说 , 长篇小说
电子资源:
ISBN: 7-106-02082-6
000 00731oam2 2200277 450
001 1560962546
005 20150120165622.35
010    @a7-106-02082-6@dCNY18.00
100    @a20040225d2004 em y0chiy50 ea
101 0  @achi
102    @aCN@b110000
105    @aa z 000ay
200 1  @a招魂@9zhao hun@f余以键著
210    @a北京@c中国电影出版社@d2004
215    @a346页@c照片,图@d20cm
225 2  @a773恐怖系列丛书@v8
461  0 @12001 @a773恐怖系列丛书
606 0  @a恐怖小说@y中国@z现代
606 0  @a长篇小说@y中国@z现代
606 0  @a恐怖小说
606 0  @a长篇小说
690    @aI247.56@v5
690    @aI247.5@v4
701  0 @a余以键@9yu yi jian@4著
801  0 @aCN@bTSSF@c20150120
905    @aZUCC@dI247.5@eJY289
    
    招魂/余以键著.-北京:中国电影出版社,2004
    346页:照片,图;20cm.-(773恐怖系列丛书;8)
    
    
    ISBN 7-106-02082-6:CNY18.00
    
●
相关链接 在E读中查询图书 在五车中查询图书 在当当中查询图书 在豆瓣中查询图书


正题名:招魂     索取号:I247.5/JY289         预约/预借

序号 登录号 条形码 馆藏地/架位号 状态 备注
1 7849516   278495166   学院路分馆/ [索取号:I247.5/JY289] 在馆    
2 7849517   278495175   学院路分馆/ [索取号:I247.5/JY289] 在馆    
3 7849913   278499135   学院路分馆/ [索取号:I247.5/JY289] 在馆    
唐山师范学院图书馆 欢迎您!
大连网信软件有限公司© 版权所有